| 000 | 00775cam a22002411 4500 | ||
|---|---|---|---|
| 001 | l 53000173 | ||
| 003 | DLC | ||
| 005 | 20260227111543.0 | ||
| 008 | 750127s1953 xx 000 0 eng | ||
| 010 | _al 53000173 | ||
| 035 | _a(OCoLC)1152655 | ||
| 040 |
_aDLC _cNIC _dOCoLC _dDLC |
||
| 050 | 0 | 0 |
_aHD6093 _b.A55 1953 |
| 086 | 0 | _aL 13.2:W 84/29/953 | |
| 110 | 1 |
_aUnited States. _bWomen's Bureau. |
|
| 245 | 1 | 0 |
_aWomen as workers; _ba statistical guide _c[by Jean S. Campbell] |
| 260 |
_aWashington _b[U.S. Govt. Print. Off., _c1953] |
||
| 300 |
_aiv, 112 p. _billus. _c20 x 26cm. |
||
| 500 | _aIssued in 1950 and 1952 in preliminary form. | ||
| 650 | 0 |
_aWomen _xEmployment _zUnited States. |
|
| 650 | 0 |
_aWomen _zUnited States _vStatistics. |
|
| 700 | 1 | _aCampbell, Jean Scott | |
| 999 |
_c36818 _d36818 |
||